Gran Bretaña y la independencia de la América Latina 1812-1830 (Record no. 134546)

MARC details
000 -LEADER
campo de control de longitud fija 00646nam a2200169 i 4500
001 - NÚMERO DE CONTROL
campo de control 134546
003 - IDENTIFICADOR DE NÚMERO DE CONTROL
campo de control ES-MaACL
005 - FECHA Y HORA DE LA ÚLTIMA TRANSACCIÓN
campo de control 20230906194710.0
007 - CAMPO FIJO DE DESCRIPCIÓN FÍSICA--INFORMACIÓN GENERAL
campo de control de longitud fija t|
008 - DATOS DE LONGITUD FIJA--INFORMACIÓN GENERAL
campo de control de longitud fija 070911s1944 ag ||||1| spa d
100 1# - ENTRADA PRINCIPAL--NOMBRE DE PERSONA
Nombre de persona Webster, Charles Kingsley.
9 (RLIN) 116270
245 10 - MENCIÓN DEL TÍTULO
Título Gran Bretaña y la independencia de la América Latina 1812-1830
Resto del título : documentos escogidos de los Archivos del Foreign Office /
Mención de responsabilidad, etc. compilados por C. K. Webster ; traducido por Guillermo E. Leguizamón.
260 ## - PUBLICACIÓN, DISTRIBUCIÓN, ETC.
Lugar de publicación, distribución, etc. Buenos Aires :
Nombre del editor, distribuidor, etc. Guillermo Kraft,
Fecha de publicación, distribución, etc. 1944.
300 ## - DESCRIPCIÓN FÍSICA
Extensión 2 v. ;
Dimensiones 24 cm.
700 1# - ENTRADA AGREGADA--NOMBRE PERSONAL
Nombre de persona Leguizamón, Guillermo E.
9 (RLIN) 71317
852 ## - LOCALIZACIÓN
Ubicación ES-MaACL
Número de control de estantería D-6749-50
Sublocalización o colección R.30346
Holdings
Estatus retirado Estado de pérdida Estado de daño No para préstamo Biblioteca de origen Biblioteca actual Ubicación en estantería Fecha de adquisición Fuente de adquisición Total de préstamos Signatura topográfica completa Código de barras Visto por última vez Precio de reemplazo Tipo de ítem Koha
        Biblioteca del Ateneo de Madrid Biblioteca del Ateneo de Madrid Sala Valle Inclán 17/01/2008     D-6749-50 901140045 23/02/2023 23/02/2023 Libro impreso